Datum a čas kvízu
33
Celkem bodů
Celkový počet nahraných bodů na tomto kvízu bez doplňovacích otázek.
2.
Pořadí na kvízu
Konečné umístění týmu na tomto kvízu.
Zaznamenané odpovědi
| # | Otázka | Odpověď | Body | Výsledky |
|---|---|---|---|---|
| 1. | Jak se jmenuje politik, který... | Marian Jurečka | 1 | |
| 2. | Saúdskoarabský korunní princ M... | Jeff Bezos | 1 | |
| 3. | 71letý zpěvák Ozzy Osbourne oz... | Parkinsonova choroba | 1 | |
| 4. | Aféra s předraženou zakázkou n... | hackathon | 1 | |
| 5. | Renata Zachová se stala první... | judo | 0 | |
| 6. | Jelikož se o ostrovech zmiňuje... | D | 1 | |
| 7. | Nyní se podíváme na souostroví... | Země Františka Josefa | 1 | |
| 8. | Obcí, částí obcí či měst s náz... | Ostrov nad Ohří | 1 | |
| 9. | Ostrovačice v okrese Brno-venk... | Amerika | 0 | |
| 10. | Jak se jmenoval německý patolo... | Paul Langerhans | 0 |